Najlepsi Obrońcy w Historii Piłki Nożnej - Statystyki

Ogólne statystyki
  • Ten quiz został rozwiązany 68 razy
  • Średni wynik to 7 z 15
Statystyki odpowiedzi
Pozycja Odp. % Poprawnych
ŚO Ramos
84%
LO Maldini
82%
LO Roberto Carlos
81%
PO Cafu
75%
ŚO Beckenbauer
63%
ŚO Cannavaro
58%
ŚO Nesta
46%
ŚO Baressi
42%
ŚO Pepe
39%
PO Lahm
30%
LO Cole
26%
ŚO Vidić
23%
ŚO Ferdinand
21%
ŚO Koeman
19%
ŚO Desailly
14%
Nie znaleziono quizów pasujących do podanych kryteriów
Rozkład punktacji
Procent ludzi z każdym wynikiem
Percentyl według liczby udzielonych odpowiedzi
Twoja historia wyników
Nie rozwiązałeś tego quizu